Альбская-палеоценовая флора Северной Пацифики

Opis bibliograficzny
1. autor: Герман А. Б. Алексей Борисович
organizacja autorów: Российская академия наук (РАН) Геологический институт (ГИН), Российский фонд фундаментальных исследований (РФФИ)
Streszczenie:Обсуждаются стратиграфическое положение, возраст, систематический состав и этапность развития альбских-палеоценовых флор Анадырско-Корякского и Северо-Аляскинского субрегионов Северной Пацифики. Обоснованы разработанные автором детальные биостратиграфические схемы (по растительным макроостаткам) неморских альбских-палеоценовых отложений этих субрегионов. Рассмотрена сравнительная палеофлористика Анадырско-Корякского и Северо-Аляскинского субрегионов. Показано, что флоры Северной Пацифики пережили биотический кризис на границе мела и палеогена без существенных эволюционных последствий. Исследованы фитостратиграфия и эволюция флор в альбе — позднем мелу Северной Пацифики. Предложен сценарий альбского-позднемелового флорогенеза на территории региона, ведущая роль в котором принадлежала внедрению в мезофитные флоры продвинутых растительных сообществ с доминированием покрытосеменных. Для геологов, стратиграфов, палеонтологов.
Język:rosyjski
Wydane: Москва, Геос, 2011
Seria:Труды ГИН (Геологического института РАН) Вып. 592
Hasła przedmiotowe:
Format: MixedMaterials Książka
KOHA link:https://koha.lib.tpu.ru/cgi-bin/koha/opac-detail.pl?biblionumber=217294

MARC

LEADER 00000nam0a2200000 4500
001 217294
005 20231101230114.0
010 |a 9785891185418 
035 |a (RuTPU)RU\TPU\book\237288 
090 |a 217294 
100 |a 20120604d2011 k y0rusy50 ca 
101 0 |a rus 
102 |a RU 
105 |a a z 001zy 
200 1 |a Альбская-палеоценовая флора Северной Пацифики  |f А. Б. Герман  |g Российская академия наук (РАН), Геологический институт (ГИН) ; Российский фонд фундаментальных исследований (РФФИ) 
210 |a Москва  |c Геос  |d 2011 
215 |a 280 с.  |c ил. 
225 1 |a Труды ГИН (Геологического института РАН)  |v Вып. 592 
320 |a Библиогр.: с. 259-276. 
330 |a Обсуждаются стратиграфическое положение, возраст, систематический состав и этапность развития альбских-палеоценовых флор Анадырско-Корякского и Северо-Аляскинского субрегионов Северной Пацифики. Обоснованы разработанные автором детальные биостратиграфические схемы (по растительным макроостаткам) неморских альбских-палеоценовых отложений этих субрегионов. Рассмотрена сравнительная палеофлористика Анадырско-Корякского и Северо-Аляскинского субрегионов. Показано, что флоры Северной Пацифики пережили биотический кризис на границе мела и палеогена без существенных эволюционных последствий. Исследованы фитостратиграфия и эволюция флор в альбе — позднем мелу Северной Пацифики. Предложен сценарий альбского-позднемелового флорогенеза на территории региона, ведущая роль в котором принадлежала внедрению в мезофитные флоры продвинутых растительных сообществ с доминированием покрытосеменных. Для геологов, стратиграфов, палеонтологов. 
606 1 |a Палеоботаника  |x Арктические территории  |2 stltpush  |3 (RuTPU)RU\TPU\subj\71677  |9 85468 
610 1 |a Северная Пацифика 
610 1 |a альбско-палеоценовая флора 
610 1 |a ископаемая флора 
610 1 |a Анадырско-Корякский субрегион 
610 1 |a стратиграфия 
610 1 |a флоропосные отложения 
610 1 |a фитостратиграфия 
610 1 |a Северо-Аляскинский субрегион 
610 1 |a альба-палеоцен 
675 |a 561  |v 3 
700 1 |a Герман  |b А. Б.  |g Алексей Борисович 
712 0 2 |a Российская академия наук (РАН)  |b Геологический институт (ГИН)  |c (Москва)  |2 stltpush  |3 (RuTPU)RU\TPU\col\165 
712 0 2 |a Российский фонд фундаментальных исследований (РФФИ)  |c (Москва)  |2 stltpush  |3 (RuTPU)RU\TPU\col\112 
801 1 |a RU  |b 63413507  |c 20120604 
801 2 |a RU  |b 63413507  |c 20151112  |g RCR 
942 |c BK